Passive house in different climates : (Record no. 607840)

000 -LEADER
fixed length control field 01226cam a2200325 i 4500
001 - CONTROL NUMBER
control field 18824527
003 - CONTROL NUMBER IDENTIFIER
control field OSt
005 - DATE AND TIME OF LATEST TRANSACTION
control field 20240219112723.0
008 - FIXED-LENGTH DATA ELEMENTS--GENERAL INFORMATION
fixed length control field 151020s2016 nyu b 001 0 eng
010 ## - LIBRARY OF CONGRESS CONTROL NUMBER
LC control number 2015041208
020 ## - INTERNATIONAL STANDARD BOOK NUMBER
International Standard Book Number 9781138904033 (hb : alk. paper)
020 ## - INTERNATIONAL STANDARD BOOK NUMBER
International Standard Book Number 9781138904057 (pb : alk. paper)
020 ## - INTERNATIONAL STANDARD BOOK NUMBER
Canceled/invalid ISBN 9781315696553 (ebook)
040 ## - CATALOGING SOURCE
Original cataloging agency DLC
Language of cataloging eng
Transcribing agency DLC
Description conventions rda
Modifying agency DLC
042 ## - AUTHENTICATION CODE
Authentication code pcc
050 00 - LIBRARY OF CONGRESS CALL NUMBER
Classification number TH4860
Item number .J36 2016
082 00 - DEWEY DECIMAL CLASSIFICATION NUMBER
Classification number 728.047
Edition number 23
Author Mark JAM
100 1# - MAIN ENTRY--PERSONAL NAME
Personal name James, Mary,
Dates associated with a name 1956-
Relator term author.
9 (RLIN) 120686
245 10 - TITLE STATEMENT
Title Passive house in different climates :
Remainder of title the path to net zero /
Statement of responsibility, etc. Mary James and James Bill.
260 ## - PUBLICATION, DISTRIBUTION, ETC.
Place of publication, distribution, etc. London:
Name of publisher, distributor, etc. Routledge;
Date of publication, distribution, etc. 2016.
300 ## - PHYSICAL DESCRIPTION
Extent vii, 208 pages ;
Dimensions 29 cm
504 ## - BIBLIOGRAPHY, ETC. NOTE
Bibliography, etc. note Includes bibliographical references (pages 203-204) and index.
650 #0 - SUBJECT ADDED ENTRY--TOPICAL TERM
Topical term or geographic name entry element Ecological houses
General subdivision Design and construction.
9 (RLIN) 90652
650 #0 - SUBJECT ADDED ENTRY--TOPICAL TERM
Topical term or geographic name entry element Sustainable architecture
General subdivision Design and construction.
9 (RLIN) 120687
650 #0 - SUBJECT ADDED ENTRY--TOPICAL TERM
Topical term or geographic name entry element Architecture and climate.
9 (RLIN) 9437
700 1# - ADDED ENTRY--PERSONAL NAME
Personal name Bill, James,
Relator term author.
9 (RLIN) 120688
906 ## - LOCAL DATA ELEMENT F, LDF (RLIN)
a 7
b cbc
c orignew
d 1
e ecip
f 20
g y-gencatlg
942 ## - ADDED ENTRY ELEMENTS (KOHA)
Source of classification or shelving scheme
Koha item type Book
Institution code [OBSOLETE] SADA
Call number prefix 728.047 JAM
Holdings
Withdrawn status Lost status Source of classification or shelving scheme Damaged status Not for loan Permanent Location Current Location Date acquired Source of acquisition Total Checkouts Full call number Barcode Date last seen Cost, replacement price Price effective from Koha item type
          School of Art Design and Architecture (SADA) School of Art Design and Architecture (SADA) 06/12/2017 Pak Book   728.047 JAM 2016 SADA0002742 02/19/2024 4274.37 02/19/2024 Book
© 2023 Central Library, National University of Sciences and Technology. All Rights Reserved.